000 nam a22 7a 4500
999 _c9681
_d9681
008 180206b ||||| |||| 00| 0 eng d
100 _aKhan, N
_95796
245 _aModern English
260 _aNew De;lhi
_bNCERT
_c2005